| 000 | 00575nam a22002057a 4500 | ||
|---|---|---|---|
| 003 | OSt | ||
| 005 | 20160913184933.0 | ||
| 008 | 160913b xxu||||| |||| 00| 0 eng d | ||
| 020 | _a9780443074295 | ||
| 040 | _cDNLM. | ||
| 082 | _aW20'5P766i 2008. | ||
| 100 |
_aPolgar,stephen;Thomas,shave,A; _911046 |
||
| 245 | _aIntroduction to Research in the Health Sciences: | ||
| 250 | _a5th ed | ||
| 260 |
_aLondon. _bChurchill,Living Stone. _c2008. |
||
| 300 |
_avii,334p; _bcol,ill; _c26cm |
||
| 504 | _aIncludes index. | ||
| 650 |
_aHealth Sciences. _95740 |
||
| 942 |
_2z _cN_PAPAER |
||
| 999 |
_c5193 _d5193 |
||